| 000 | 00325nam a2200121Ia 4500 | ||
|---|---|---|---|
| 008 | 240731s9999 xx 000 0 und d | ||
| 022 | _a1477-2205 | ||
| 245 | 0 | _aAnxiety, Stress, & Coping : An International Journal | |
| 260 | _bRoutledge | ||
| 856 | _uhttps://www.tandfonline.com/loi/gasc20 | ||
| 942 | _2ddc | ||
| 942 | _cTFEJ | ||
| 999 |
_c75347 _d75347 |
||
| 945 |
_a1 _bMadushi Gamage _c1 _dMadushi Gamage |
||